[Event "SR Extraliga 2017/2018"]
[Site "?"]
[Date "2017.09.30"]
[Round "1.2"]
[White "Pechac, Jergus"]
[Black "Papp, Gabor"]
[Result "1/2-1/2"]
[WhiteElo "2442"]
[BlackElo "2598"]
[PlyCount "127"]
[EventDate "2017.??.??"]

1. Nf3 d5 2. g3 Nd7 3. d4 Ngf6 4. Bg2 g6 5. O-O Bg7 6. c3 O-O 7. a4 Re8 8. Na3
c6 9. Re1 e5 10. dxe5 Nxe5 11. Nxe5 Rxe5 12. Nc2 Re8 13. a5 Bg4 14. Be3 Qc7 15.
Bd4 b6 16. Ne3 Be6 17. Qa4 Rab8 18. axb6 axb6 19. Qa7 Rb7 20. Qa6 Nd7 21. b4 b5
22. Nc2 Nb6 23. Qa3 Bxd4 24. Nxd4 Ra8 25. Qc1 Rxa1 26. Qxa1 Ra7 27. Qc1 Qd6 28.
e4 dxe4 29. Bxe4 Bd5 30. Bxd5 Nxd5 31. Qg5 Re7 32. Rxe7 Nxe7 33. h4 h5 34. Qe3
Kg7 35. Nf3 Nf5 36. Qe5+ Qxe5 37. Nxe5 Ne7 38. f4 Kf6 39. Kf2 Ke6 40. Ke3 f6
41. Nd3 Kd5 42. Nb2 Nf5+ 43. Kf3 Nd6 44. Ke3 Ne4 45. f5 gxf5 46. Kf4 Nd6 47.
Ke3 Nc4+ 48. Nxc4 Kxc4 49. Kd2 c5 50. bxc5 Kxc5 51. Kc2 Kc4 52. Kd2 Kb3 53. Kd3
Ka3 54. Kd4 Ka4 55. Kc5 Kb3 56. Kxb5 Kxc3 57. Kc5 Kd3 58. Kd5 Ke3 59. Ke6 Kf3
60. Kxf6 f4 61. gxf4 Kxf4 62. Ke6 Kg4 63. Ke5 Kxh4 64. Kf4 1/2-1/2

[Event "SR Extraliga 2017/2018"]
[Site "?"]
[Date "2017.09.30"]
[Round "1.3"]
[White "Antal, Gergely"]
[Black "Rohacek, Miroslav"]
[Result "1-0"]
[WhiteElo "2526"]
[BlackElo "2266"]
[PlyCount "81"]
[EventDate "2017.??.??"]

1. e4 c5 2. Nf3 d6 3. d4 cxd4 4. Qxd4 Nc6 5. Bb5 Bd7 6. Qd3 a6 7. Bxc6 Bxc6 8.
c4 Nf6 9. Nc3 g6 10. O-O Bg7 11. Nd4 O-O 12. h3 Nd7 13. Be3 Nc5 14. Qc2 Rc8 15.
Rac1 Bd7 16. Rfd1 Qe8 17. Nd5 Bc6 18. Nxc6 Rxc6 19. Bg5 f6 20. Be3 Qf7 21. b4
Nd7 22. Qb3 f5 23. exf5 gxf5 24. b5 Nc5 25. Qa3 Rcc8 26. Nb6 Rc7 27. Bxc5 dxc5
28. Nd5 Rcc8 29. Nb6 Rc7 30. Rd7 Rxd7 31. Nxd7 Rd8 32. Qxc5 axb5 33. cxb5 Qxa2
34. Qxe7 Ra8 35. Nf6+ Kh8 36. Ne8 Bd4 37. Kh1 Qg8 38. Nd6 Bxf2 39. Nxf5 Qf8 40.
Qe5+ Kg8 41. Rc7 1-0

[Event "SR Extraliga 2017/2018"]
[Site "?"]
[Date "2017.09.30"]
[Round "1.4"]
[White "Karas, Marek"]
[Black "Polak, Tomas"]
[Result "0-1"]
[WhiteElo "2251"]
[BlackElo "2513"]
[PlyCount "90"]
[EventDate "2017.??.??"]

1. d4 Nf6 2. Bf4 e6 3. Nf3 c5 4. e3 Nc6 5. c3 Qb6 6. Qb3 Qxb3 7. axb3 Nh5 8.
Bg5 f6 9. Bh4 g5 10. Bg3 d5 11. Bd3 Bd7 12. Nbd2 g4 13. Nh4 cxd4 14. exd4 f5
15. f3 Rg8 16. fxg4 Rxg4 17. Bf2 Nf6 18. Be2 Rg8 19. g3 Bd6 20. Ng2 Ne7 21.
O-O-O O-O-O 22. Kb1 Ne4 23. Nxe4 dxe4 24. Be3 Nd5 25. Bc1 Bc6 26. c4 Nb4 27.
Nf4 Rde8 28. Nh5 Be7 29. Bf4 Nd3 30. Bxd3 exd3 31. Rhf1 Bg2 32. Rf2 Bh3 33.
Rxd3 Bg4 34. d5 Bd8 35. dxe6 Rxe6 36. Be3 Bxh5 37. Bxa7 f4 38. Rd5 Bg6+ 39. Kc1
fxg3 40. hxg3 b6 41. c5 Be4 42. Rxd8+ Rxd8 43. Bxb6 Rd3 44. Rf8+ Kb7 45. b4 Bg6
0-1

[Event "SR Extraliga 2017/2018"]
[Site "?"]
[Date "2017.09.30"]
[Round "1.5"]
[White "Pacher, Milan"]
[Black "Jablonicky, Martin"]
[Result "1-0"]
[WhiteElo "2446"]
[BlackElo "2311"]
[PlyCount "67"]
[EventDate "2017.??.??"]

1. d4 Nf6 2. c4 g6 3. Nc3 Bg7 4. e4 O-O 5. Bd3 c5 6. d5 d6 7. Nf3 e6 8. O-O
exd5 9. exd5 Bg4 10. h3 Bxf3 11. Qxf3 Nbd7 12. Bf4 Ne8 13. Rae1 Ne5 14. Qe2 Nc7
15. Ne4 Re8 16. Bg5 f6 17. Be3 Nxc4 18. Bxc5 f5 19. Qc2 Rxe4 20. Bxe4 Ne5 21.
Bd4 fxe4 22. Rxe4 Rc8 23. Qb3 b6 24. f4 Nf7 25. Bxg7 Kxg7 26. Qc3+ Kg8 27. Rc4
b5 28. Rc6 Nxd5 29. Rxc8 Nxc3 30. Rxd8+ Nxd8 31. bxc3 Ne6 32. f5 gxf5 33. Rxf5
Nc5 34. Rd5 1-0

[Event "SR Extraliga 2017/2018"]
[Site "?"]
[Date "2017.09.30"]
[Round "1.6"]
[White "Istona, Martin"]
[Black "Zetocha, Claudiu"]
[Result "0-1"]
[WhiteElo "2240"]
[BlackElo "2348"]
[PlyCount "80"]
[EventDate "2017.??.??"]

1. e4 c5 2. Nf3 e6 3. d4 cxd4 4. Nxd4 Nc6 5. Nc3 Qc7 6. f4 a6 7. Nxc6 bxc6 8.
Bd3 d5 9. O-O Nf6 10. Qe2 Be7 11. Bd2 Nd7 12. Rae1 Nc5 13. Kh1 Bb7 14. f5 d4
15. Nd1 Nxd3 16. cxd3 e5 17. Nf2 a5 18. Qg4 g6 19. Qg3 O-O-O 20. Qf3 Kb8 21.
Rc1 c5 22. b4 axb4 23. Bxb4 Rc8 24. Bd2 Ba6 25. Qd1 Ka7 26. Qc2 c4 27. dxc4
Qxc4 28. Qxc4 Bxc4 29. Rfe1 Ba3 30. Rb1 Rb8 31. Ng4 Rxb1 32. Rxb1 Re8 33. Nf6
Rc8 34. Nxh7 gxf5 35. exf5 e4 36. Ng5 e3 37. Be1 d3 38. Nf3 Bd5 39. Nd4 Ka6 40.
Nb5 Bxa2 0-1

[Event "SR Extraliga 2017/2018"]
[Site "?"]
[Date "2017.09.30"]
[Round "1.7"]
[White "Petran, Peter"]
[Black "Jozefek, Michal"]
[Result "0-1"]
[WhiteElo "2301"]
[BlackElo "2198"]
[PlyCount "86"]
[EventDate "2017.??.??"]

1. g3 c5 2. Bg2 Nf6 3. c4 d5 4. cxd5 Nxd5 5. Nc3 Nc7 6. d3 e5 7. Be3 Nc6 8.
Bxc6+ bxc6 9. Qa4 Bd7 10. Nf3 f6 11. O-O Ne6 12. Qd1 Rb8 13. b3 Nd4 14. Ne1 Bh3
15. Ng2 h5 16. Rc1 Qd7 17. f3 h4 18. g4 c4 19. dxc4 Ba3 20. Rb1 f5 21. g5 Qe7
22. Rf2 Rd8 23. Bd2 Ne6 24. Qe1 Bc5 25. e3 Qxg5 26. Kh1 Qh5 27. Na4 Bxg2+ 28.
Kxg2 Ng5 29. h3 Bd6 30. Qe2 Qg6 31. Kh1 e4 32. Ba5 Rd7 33. Rg1 Bg3 34. fxe4
Nxh3 35. Rff1 Nxg1 36. Rxg1 fxe4 37. Qg2 Qf5 38. Bb4 a5 39. Rf1 Qg4 40. Bxa5
Rd1 41. Nc3 h3 42. Qg1 Rxf1 43. Qxf1 Rf8 0-1

[Event "SR Extraliga 2017/2018"]
[Site "?"]
[Date "2017.09.30"]
[Round "1.8"]
[White "Spacek, Oliver"]
[Black "Briestensky, Rastislav"]
[Result "0-1"]
[WhiteElo "2250"]
[BlackElo "2292"]
[PlyCount "94"]
[EventDate "2017.??.??"]

1. Nf3 Nf6 2. d4 g6 3. c4 Bg7 4. Nc3 O-O 5. g3 d6 6. Bg2 Nbd7 7. O-O e5 8. b3
Re8 9. Bb2 c6 10. e3 e4 11. Nd2 d5 12. a4 Bf8 13. cxd5 cxd5 14. f3 Bh6 15. f4
Nb8 16. b4 Nc6 17. b5 Ne7 18. h3 Bg7 19. Rf2 Be6 20. Ba3 Qd7 21. Kh2 h5 22. Qe2
Rac8 23. Rc1 Nf5 24. Nf1 Rc4 25. Qb2 Rec8 26. Rfc2 Qc7 27. Kg1 Qa5 28. Qb3 Ne8
29. g4 hxg4 30. Ne2 Rxc2 31. Rxc2 Rxc2 32. Qxc2 gxh3 33. Bxh3 Nxd4 34. Nxd4
Bxh3 35. Qd1 Qc3 36. Nc2 Bxf1 37. Kxf1 Qc4+ 38. Qe2 Qxa4 39. Bc5 Nc7 40. b6 Ne6
41. Bd6 axb6 42. Nb4 Qd7 43. Be5 Bxe5 44. fxe5 d4 45. Qc4 b5 46. Qa2 Qc8 47.
Kg2 Qc4 0-1

[Event "SR Extraliga 2017/2018"]
[Site "?"]
[Date "2017.09.30"]
[Round "1.1"]
[White "Antoniewski, Rafal"]
[Black "Krejci, Jan"]
[Result "0-1"]
[WhiteElo "2538"]
[BlackElo "2538"]
[PlyCount "64"]
[EventDate "2017.??.??"]

1. d4 Nf6 2. c4 e6 3. Nc3 Bb4 4. e3 d5 5. Nf3 O-O 6. Bd3 c5 7. O-O dxc4 8. Bxc4
Nc6 9. Bd3 h6 10. a3 Ba5 11. Bc2 Qe7 12. Ne4 Nxe4 13. Bxe4 cxd4 14. Nxd4 Nxd4
15. Qxd4 Rd8 16. Qc4 Bc7 17. g3 Rb8 18. b4 Be5 19. Ra2 Bd7 20. Bb2 Qf6 21. Qe2
Ba4 22. Rc1 Rbc8 23. Rxc8 Rxc8 24. Bxe5 Qxe5 25. Bxb7 Rc7 26. f4 Qf5 27. Bg2
Qb1+ 28. Bf1 Bc2 29. Qd2 Kh7 30. Qd6 Rc3 31. Qd4 Bd3 32. Rf2 Rc1 0-1

[Event "SR Extraliga 2017/2018"]
[Site "?"]
[Date "2017.09.30"]
[Round "1.2"]
[White "Druska, Juraj"]
[Black "Tazbir, Marcin"]
[Result "0-1"]
[WhiteElo "2448"]
[BlackElo "2519"]
[PlyCount "78"]
[EventDate "2017.??.??"]

1. e4 c5 2. Nf3 d6 3. d4 cxd4 4. Qxd4 Nc6 5. Bb5 Bg4 6. Nc3 a6 7. Bxc6+ bxc6 8.
Qc4 Qc8 9. Nd4 Bd7 10. Bg5 h6 11. Bh4 e5 12. Nb3 Be6 13. Qa4 g5 14. Bg3 Nf6 15.
O-O-O Qc7 16. f3 Be7 17. Bf2 Nd7 18. Rd2 a5 19. g4 f6 20. h4 Kf8 21. Be3 Kg7
22. hxg5 fxg5 23. Rdh2 d5 24. exd5 cxd5 25. Nb5 Qc6 26. Nxa5 Qc8 27. Na7 Qe8
28. Qc6 Qf7 29. Rxh6 Rxh6 30. Rxh6 Kxh6 31. Qxa8 Qxf3 32. Qh8+ Kg6 33. Qh5+ Kg7
34. Bxg5 Qf1+ 35. Kd2 Nf6 36. Bxf6+ Bxf6 37. N7c6 Qf4+ 38. Kc3 d4+ 39. Kb4 d3+
0-1

[Event "SR Extraliga 2017/2018"]
[Site "?"]
[Date "2017.09.30"]
[Round "1.3"]
[White "Jurcik, Martin"]
[Black "Manik, Mikulas"]
[Result "1/2-1/2"]
[WhiteElo "2319"]
[BlackElo "2421"]
[PlyCount "26"]
[EventDate "2017.??.??"]

1. d4 Nf6 2. c4 g6 3. Nc3 Bg7 4. e4 d6 5. Bd3 O-O 6. Nge2 c5 7. d5 e6 8. Bg5 h6
9. Bh4 e5 10. f3 a6 11. Qc2 Nbd7 12. a4 Qe8 13. Bf2 Qe7 1/2-1/2

[Event "SR Extraliga 2017/2018"]
[Site "?"]
[Date "2017.09.30"]
[Round "1.4"]
[White "Holtman, Teodor"]
[Black "Likavsky, Tomas"]
[Result "0-1"]
[WhiteElo "2248"]
[BlackElo "2430"]
[PlyCount "126"]
[EventDate "2017.??.??"]

1. e4 c5 2. Nf3 d6 3. d4 cxd4 4. Nxd4 Nf6 5. Nc3 Nc6 6. Bg5 e6 7. Qd2 Qb6 8.
Nb3 Be7 9. O-O-O O-O 10. f3 Rd8 11. Nb5 Rd7 12. Qe1 a6 13. N5d4 Qc7 14. h4 Ne5
15. Kb1 b5 16. g4 Nc4 17. Bxc4 bxc4 18. Na5 Bb7 19. Bd2 Rb8 20. Qe2 c3 21. Bxc3
Bxe4 22. fxe4 Qxc3 23. Nab3 Qc8 24. g5 Ne8 25. Rhf1 Rc7 26. Qf2 f6 27. Rd3 g6
28. h5 e5 29. hxg6 exd4 30. gxh7+ Kh8 31. Nxd4 Rc5 32. Nf5 Rxf5 33. exf5 fxg5
34. Re1 Bf6 35. Rb3 Ng7 36. Rh1 a5 37. Rh6 Be5 38. f6 a4 39. Rxb8 Qxb8 40. b3
Ne6 41. f7 Nf8 42. Qd2 axb3 43. cxb3 Qb7 44. Rxd6 Bxd6 45. Qxd6 Qxf7 46. b4
Kxh7 47. a4 Qg6+ 48. Qxg6+ Kxg6 49. Kc2 g4 50. Kd3 Kf5 51. a5 Kf4 52. a6 Nd7
53. a7 Nb6 54. Kd4 g3 55. Kc5 Na8 56. Kc6 Ke5 57. Kb7 Kd6 58. b5 g2 59. b6 Nxb6
60. Kxb6 g1=Q+ 61. Kb7 Qg7+ 62. Kb8 Qc7+ 63. Ka8 Qc8# 0-1

[Event "SR Extraliga 2017/2018"]
[Site "?"]
[Date "2017.09.30"]
[Round "1.1"]
[White "Motuz, Karol"]
[Black "Mazur, Stefan"]
[Result "1-0"]
[WhiteElo "2423"]
[BlackElo "2472"]
[PlyCount "79"]
[EventDate "2017.??.??"]

1. d4 Nf6 2. Nf3 g6 3. Nc3 d5 4. Bf4 Bg7 5. e3 O-O 6. Be2 c5 7. Ne5 Nc6 8. O-O
Bf5 9. Qd2 Rc8 10. Rad1 cxd4 11. exd4 Na5 12. Rfe1 a6 13. h3 b5 14. g4 b4 15.
gxf5 bxc3 16. Qc1 cxb2 17. Qxb2 Nc4 18. Qb3 gxf5 19. Nxc4 dxc4 20. Bxc4 Rc6 21.
d5 Rb6 22. Qe3 Ne4 23. f3 Rg6+ 24. Kh2 Nd6 25. Bb3 Bf6 26. c4 Qa5 27. c5 Nb5
28. d6 exd6 29. cxd6 Nd4 30. Rg1 Qb4 31. d7 a5 32. Bh6 f4 33. Bxf8 fxe3 34.
Rxg6+ Kxf8 35. Rxf6 Ke7 36. Rxf7+ Kd8 37. Rf4 Nxf3+ 38. Kg3 e2 39. Rxb4 axb4
40. Kxf3 1-0

[Event "SR Extraliga 2017/2018"]
[Site "?"]
[Date "2017.09.30"]
[Round "1.2"]
[White "Neuman, Petr"]
[Black "Roubalik, Jakub"]
[Result "1/2-1/2"]
[WhiteElo "2440"]
[BlackElo "2394"]
[PlyCount "125"]
[EventDate "2017.??.??"]

1. e4 c5 2. Nc3 e6 3. g3 Nc6 4. Bg2 g6 5. d3 Bg7 6. Be3 d6 7. f4 Nge7 8. Nf3
Nd4 9. O-O O-O 10. e5 Nef5 11. Bf2 Nxf3+ 12. Qxf3 Nd4 13. Qd1 dxe5 14. fxe5
Bxe5 15. Na4 Qc7 16. c3 Nf5 17. Nxc5 h5 18. d4 Bg7 19. Nd3 Bd7 20. Re1 Bc6 21.
Bxc6 Qxc6 22. Ne5 Qc7 23. Qf3 Rac8 24. h3 Nd6 25. Re2 Nc4 26. Nd3 Qc6 27. Qxc6
Rxc6 28. Rae1 Rd8 29. g4 hxg4 30. hxg4 a5 31. a4 Rd5 32. Kg2 Rg5 33. Kf3 Rd5
34. b3 Nb6 35. c4 Rd8 36. Ne5 Rcc8 37. d5 Nd7 38. Nxf7 Kxf7 39. dxe6+ Kg8 40.
exd7 Rxd7 41. Re8+ Rxe8 42. Rxe8+ Kf7 43. Re4 Bc3 44. Bh4 Bb4 45. Rf4+ Ke6 46.
Re4+ Kf7 47. Bg5 Rd3+ 48. Re3 Rd1 49. Bf4 Rf1+ 50. Ke4 Ke6 51. Re2 Rb1 52. Kd3+
Kd7 53. Kc2 Rg1 54. g5 Rg4 55. Bc1 Bc5 56. Bd2 b6 57. Re5 Rg2 58. Rd5+ Kc6 59.
Kd1 Rg3 60. Kc2 Rg2 61. Kd1 Rg3 62. Kc2 Rg2 63. Kd1 1/2-1/2

[Event "SR Extraliga 2017/2018"]
[Site "?"]
[Date "2017.09.30"]
[Round "1.4"]
[White "Plachetka, Jan"]
[Black "Vojtek, Vladimir"]
[Result "1-0"]
[WhiteElo "2337"]
[BlackElo "2295"]
[PlyCount "67"]
[EventDate "2017.??.??"]

1. e4 d5 2. exd5 Qxd5 3. Nf3 Bg4 4. Be2 Nc6 5. Nc3 Qd7 6. h3 Bh5 7. O-O Nf6 8.
b4 Nxb4 9. Ne5 Qf5 10. d4 Bxe2 11. Qxe2 c6 12. Rb1 e6 13. Rxb4 Bxb4 14. g4 Nxg4
15. hxg4 Qf6 16. Ne4 Qe7 17. c3 Ba5 18. Nc4 Bc7 19. Ba3 Qd7 20. Ned6+ Bxd6 21.
Nxd6+ Kd8 22. Rb1 b6 23. Re1 h5 24. g5 h4 25. Qf3 f6 26. gxf6 gxf6 27. Qxf6+
Kc7 28. Rxe6 Rag8+ 29. Kh2 Rh7 30. Qe5 Kb8 31. Ne8+ Ka8 32. Nf6 Qf7 33. Qe4 Rc8
34. Rxc6 1-0

[Event "SR Extraliga 2017/2018"]
[Site "?"]
[Date "2017.10.01"]
[Round "2.2"]
[White "Markos, Jan"]
[Black "Nagy, Gabor"]
[Result "1/2-1/2"]
[WhiteElo "2559"]
[BlackElo "2465"]
[PlyCount "48"]
[EventDate "2017.??.??"]

1. d4 Nf6 2. Nf3 c5 3. d5 e6 4. Nc3 exd5 5. Nxd5 Nxd5 6. Qxd5 Be7 7. e4 Nc6 8.
Bc4 O-O 9. O-O d6 10. c3 Na5 11. Be2 Be6 12. Qh5 f6 13. Nh4 g6 14. Nxg6 hxg6
15. Qxg6+ Kh8 16. Qh6+ Kg8 17. Bh5 Rf7 18. Bxf7+ Bxf7 19. Rd1 Qf8 20. Qh3 Bg6
21. Bh6 Qc8 22. Qg3 Kf7 23. Re1 Qc6 24. Qd3 b5 1/2-1/2

[Event "SR Extraliga 2017/2018"]
[Site "?"]
[Date "2017.10.01"]
[Round "2.3"]
[White "Michalicka, Milan"]
[Black "Kriebel, Tadeas"]
[Result "0-1"]
[WhiteElo "2158"]
[BlackElo "2501"]
[PlyCount "84"]
[EventDate "2017.??.??"]

1. d4 d5 2. c4 e6 3. Nf3 Nf6 4. g3 dxc4 5. Bg2 Nc6 6. Qa4 Bb4+ 7. Bd2 Nd5 8.
Bxb4 Ndxb4 9. a3 b5 10. Qd1 Nd5 11. O-O O-O 12. Nc3 Rb8 13. Qc2 Qe7 14. b3 Na5
15. Nd2 Nxc3 16. Qxc3 Nxb3 17. Nxb3 cxb3 18. Rfc1 Bb7 19. Qxb3 Bxg2 20. Kxg2
Qd6 21. Qb4 Qb6 22. e3 Rfc8 23. Qc5 Qxc5 24. Rxc5 Kf8 25. Kf3 Ke7 26. Ke2 Kd6
27. Rb1 c6 28. Rbc1 Rb6 29. e4 Rcb8 30. Kd3 Ra6 31. R1c3 Rbb6 32. d5 exd5 33.
exd5 cxd5 34. Rc7 Rxa3 35. Rxf7 Rxc3+ 36. Kxc3 Rc6+ 37. Kb4 Rc7 38. Rf8 a6 39.
Ra8 Rc4+ 40. Kb3 Kc5 41. Rxa6 Rb4+ 42. Kc2 Ra4 0-1

[Event "SR Extraliga 2017/2018"]
[Site "?"]
[Date "2017.10.01"]
[Round "2.4"]
[White "Mrva, Martin"]
[Black "Haring, Viktor"]
[Result "1-0"]
[WhiteElo "2394"]
[BlackElo "2281"]
[PlyCount "109"]
[EventDate "2017.??.??"]

1. e4 c5 2. Nf3 d6 3. d4 cxd4 4. Nxd4 Nf6 5. Nc3 Nc6 6. g3 g6 7. Bg2 Nxd4 8.
Qxd4 Bg7 9. O-O O-O 10. a4 Bd7 11. a5 Bc6 12. Qb4 Nd7 13. Re1 b6 14. Nd5 Bxd5
15. exd5 bxa5 16. Rxa5 Rb8 17. Rb5 Ne5 18. Rxb8 Qxb8 19. Qxb8 Rxb8 20. f4 Ng4
21. h3 Bd4+ 22. Kf1 Nf6 23. c3 Bc5 24. g4 Kf8 25. Bf3 a5 26. Ke2 Rb5 27. Kd1
Ba7 28. g5 Nd7 29. Kc2 a4 30. h4 Nc5 31. h5 Nb3 32. Re4 Nc5 33. Rc4 Ra5 34. h6
Ke8 35. Rb4 Kd8 36. Be3 Na6 37. Bb6+ Bxb6 38. Rxb6 Kc7 39. Rc6+ Kb7 40. Rc4 Nc5
41. f5 a3 42. bxa3 Rxa3 43. Rxc5 dxc5 44. d6+ Kc8 45. dxe7 Kd7 46. f6 Ra6 47.
Bd5 Ke8 48. Kd3 Rd6 49. Kc4 Rd7 50. Be4 Rc7 51. Bd5 Rc8 52. Kb5 c4 53. Bxc4 Rc7
54. Kb4 Rc6 55. Bb5 1-0

[Event "SR Extraliga 2017/2018"]
[Site "?"]
[Date "2017.10.01"]
[Round "2.5"]
[White "Haring, Filip"]
[Black "Pinter, Erik"]
[Result "1-0"]
[WhiteElo "2214"]
[BlackElo "2393"]
[PlyCount "77"]
[EventDate "2017.??.??"]

1. e4 c5 2. Nf3 Nc6 3. d4 cxd4 4. Nxd4 g6 5. Nc3 Bg7 6. Be3 Nf6 7. Bc4 O-O 8.
Bb3 d6 9. f3 Bd7 10. Qd2 Nxd4 11. Bxd4 b5 12. a4 bxa4 13. Bxa4 Rb8 14. Bb3 Be6
15. Bxe6 fxe6 16. b3 a5 17. O-O Qc7 18. Ne2 Rfc8 19. Rfc1 Rb4 20. Kh1 Nd7 21.
Bxg7 Kxg7 22. Qg5 Nc5 23. Nf4 Rf8 24. Qxc5 Qxc5 25. Nxe6+ Kf7 26. Nxc5 dxc5 27.
Rxa5 Rc8 28. Kg1 Rd4 29. Kf2 Rd2+ 30. Kg3 c4 31. b4 c3 32. Ra3 Ke6 33. Rb3 Kd7
34. b5 Rc5 35. b6 h6 36. h4 Rc8 37. b7 Rb8 38. Rxc3 Rxb7 39. Rd3+ 1-0

[Event "SR Extraliga 2017/2018"]
[Site "?"]
[Date "2017.10.01"]
[Round "2.6"]
[White "Pcola, Pavol"]
[Black "Sorkovsky, Miroslav"]
[Result "1-0"]
[WhiteElo "2374"]
[BlackElo "2180"]
[PlyCount "129"]
[EventDate "2017.??.??"]

1. c4 e5 2. g3 Nf6 3. Bg2 h6 4. Nc3 Bb4 5. e3 Bxc3 6. bxc3 d6 7. Rb1 Nbd7 8. e4
O-O 9. Ne2 Nc5 10. d3 Bd7 11. O-O Ba4 12. Qd2 Re8 13. h3 Rb8 14. Ba3 b6 15. f4
Nfd7 16. Rf3 Bc6 17. Re3 Ba8 18. Kh2 a6 19. g4 Nf8 20. f5 Qg5 21. Ng3 Nfd7 22.
Rf1 b5 23. cxb5 Rxb5 24. Qf2 Ra5 25. Bc1 Qh4 26. Qe2 Nf6 27. Nh5 Nxh5 28. gxh5
Qf6 29. Rg3 Kh8 30. Bf3 Bc6 31. Rfg1 Rg8 32. Be3 Rb5 33. R1g2 Na4 34. Bc1 Rb1
35. Qc2 Rbb8 36. Rg4 Rb7 37. c4 Rbb8 38. Bd1 Nc5 39. Be3 Na4 40. Qc1 Nc5 41.
Bc2 Kh7 42. Qg1 Nd7 43. Bf2 Qe7 44. Rxg7+ Rxg7 45. Rxg7+ Kh8 46. Rg2 Kh7 47.
Be3 Qf6 48. Bc1 Ra8 49. Qe3 Rg8 50. Rg6 Rxg6 51. hxg6+ fxg6 52. Qxh6+ Kg8 53.
Bg5 Qg7 54. Qxg6 Qxg6 55. fxg6 Nf8 56. h4 Nxg6 57. Bd8 Kf7 58. Bxc7 Nxh4 59.
Kg3 Ng6 60. Bxd6 Ke6 61. Bb8 Nf4 62. Kf3 Ng6 63. Bd1 Ne7 64. Ke3 Be8 65. Bc7
1-0

[Event "SR Extraliga 2017/2018"]
[Site "?"]
[Date "2017.10.01"]
[Round "2.1"]
[White "Aczel, Gergely"]
[Black "Stocek, Jiri"]
[Result "1-0"]
[WhiteElo "2553"]
[BlackElo "2581"]
[PlyCount "161"]
[EventDate "2017.??.??"]

1. d4 e6 2. c4 Bb4+ 3. Bd2 c5 4. Bxb4 cxb4 5. g3 Nf6 6. Bg2 O-O 7. e3 Qc7 8.
Nd2 d6 9. Ne2 e5 10. O-O Bg4 11. h3 Bxe2 12. Qxe2 exd4 13. exd4 Re8 14. Qd3 Nc6
15. Rfd1 h5 16. Nf1 a5 17. Ne3 g6 18. Rac1 Qd7 19. h4 Rac8 20. a3 Kg7 21. Bf3
Qh3 22. Bg2 Qd7 23. Re1 Rc7 24. Bf3 Qh3 25. Bg2 Qd7 26. Re2 Qd8 27. Rce1 Rce7
28. Bf3 Kf8 29. axb4 Nxb4 30. Qd2 Kg8 31. Nd1 Rxe2 32. Rxe2 Rxe2 33. Qxe2 Qb6
34. Qd2 Nc6 35. Qf4 Qxd4 36. Qxd4 Nxd4 37. Bxb7 Nd7 38. Nc3 Nb6 39. Nb5 Nf5 40.
b3 Kg7 41. Be4 Ne7 42. Nxd6 Kf6 43. c5 Nd7 44. Nb7 Ke5 45. Bg2 Kd4 46. c6 Nc5
47. Nxa5 Ne6 48. b4 Nc7 49. Bf1 Kc3 50. b5 Kb4 51. b6 Kxa5 52. bxc7 Kb6 53. Bc4
f6 54. c8=Q Nxc8 55. Bf7 Ne7 56. Be8 Kc7 57. Kg2 Kd8 58. Bd7 Kc7 59. Be8 Kd8
60. Bf7 Kc7 61. Kf3 Kxc6 62. Ke4 Kd6 63. f4 Kd7 64. Bxg6 Nxg6 65. Kf5 Ne7+ 66.
Kxf6 Ke8 67. Kg5 Kf7 68. Kxh5 Nf5 69. g4 Nd4 70. g5 Nf5 71. Kg4 Ne3+ 72. Kf3
Nf5 73. h5 Kg7 74. Kg4 Ne3+ 75. Kg3 Nf5+ 76. Kf3 Kh7 77. h6 Nd6 78. Kg3 Nf5+
79. Kg4 Ne3+ 80. Kh5 Kg8 81. g6 1-0

[Event "SR Extraliga 2017/2018"]
[Site "?"]
[Date "2017.10.01"]
[Round "2.2"]
[White "Vetoshko, Volodymyr"]
[Black "Farkas, Gabor"]
[Result "1-0"]
[WhiteElo "2534"]
[BlackElo "2372"]
[PlyCount "83"]
[EventDate "2017.??.??"]

1. e4 c5 2. Nf3 e6 3. d4 cxd4 4. Nxd4 Nc6 5. Nc3 Qc7 6. Be3 a6 7. Qf3 d6 8.
O-O-O Bd7 9. Qg3 Rc8 10. f4 b5 11. Bd3 g6 12. Nxc6 Bxc6 13. Bd4 f6 14. e5 dxe5
15. fxe5 f5 16. h4 Bh6+ 17. Kb1 Ne7 18. h5 g5 19. Bc5 Qb7 20. Rhg1 Bd7 21. Bd6
Rxc3 22. bxc3 Nd5 23. Be2 Kf7 24. Ka1 Qb6 25. c4 bxc4 26. Bxc4 Ne3 27. Bb3 Rc8
28. Ba3 Ke8 29. Bb2 Nxd1 30. Rxd1 Rd8 31. a4 Bc8 32. Rd6 Rxd6 33. exd6 Kd7 34.
Bxe6+ Kxe6 35. Qe5+ Kd7 36. Qxf5+ Kxd6 37. Qxc8 Kd5 38. Qf5+ Kc6 39. Qe4+ Kd7
40. Qxh7+ Kc8 41. Qf5+ Kb7 42. Qd7+ 1-0

[Event "SR Extraliga 2017/2018"]
[Site "?"]
[Date "2017.10.01"]
[Round "2.3"]
[White "Chovan, Milan"]
[Black "Nayhebaver, Martin"]
[Result "1-0"]
[WhiteElo "2292"]
[BlackElo "2450"]
[PlyCount "107"]
[EventDate "2017.??.??"]

1. d4 Nf6 2. c4 e6 3. Nc3 Bb4 4. Qc2 c5 5. dxc5 O-O 6. a3 Bxc5 7. Nf3 b6 8. Bg5
Bb7 9. e3 Be7 10. Be2 h6 11. Bh4 a6 12. O-O d6 13. Rfd1 Qc7 14. Rac1 Nbd7 15.
h3 Rac8 16. Bg3 Rfd8 17. b4 Qb8 18. Qb1 Nf8 19. Nd2 Qa8 20. Bf1 N8d7 21. e4 Bc6
22. Re1 Nh5 23. Bh2 Bg5 24. Rc2 Ne5 25. Qd1 g6 26. g4 Nf4 27. h4 Nfd3 28. Bxd3
Nxd3 29. hxg5 Nxe1 30. Qxe1 hxg5 31. Qe3 f6 32. Qxb6 Rb8 33. Qd4 e5 34. Qe3 Kg7
35. f3 Qb7 36. Bg3 Qf7 37. Bf2 Rb7 38. Nb3 Rbd7 39. Na5 Ba8 40. Nd5 Rh8 41. Nb6
Rdd8 42. Nxa8 Rxa8 43. Rd2 Rh3 44. Kg2 Rah8 45. Bg1 Qd7 46. c5 R8h4 47. Rxd6
Qc8 48. Qe2 Rxf3 49. Qxf3 Rxg4+ 50. Kh1 Rf4 51. Qg2 Rxe4 52. Rd1 f5 53. Qxg5
Rg4 54. Qe7+ 1-0

[Event "SR Extraliga 2017/2018"]
[Site "?"]
[Date "2017.10.01"]
[Round "2.4"]
[White "Dovzik, Juri"]
[Black "Cibickova, Zuzana"]
[Result "1/2-1/2"]
[WhiteElo "2309"]
[BlackElo "2290"]
[PlyCount "81"]
[EventDate "2017.??.??"]

1. Nf3 d5 2. g3 c6 3. Bg2 Bg4 4. d4 Nd7 5. Nbd2 Ngf6 6. O-O e6 7. Re1 Be7 8. e4
O-O 9. c3 Bh5 10. Qb3 Qb6 11. exd5 cxd5 12. Ne5 Nxe5 13. Qxb6 Nf3+ 14. Nxf3
axb6 15. Bg5 Bxf3 16. Bxf3 Rfc8 17. Be2 h6 18. Bxf6 Bxf6 19. Bb5 Kf8 20. a4 Rc7
21. Kg2 Ke7 22. h4 g6 23. f4 h5 24. Kf3 Kd6 25. Re3 Bg7 26. Rh1 Bf6 27. Re2 Rh8
28. Reh2 Rcc8 29. Re2 Rc7 30. Ra1 Ra8 31. Rh2 Rcc8 32. Re2 Rc7 33. Ree1 Rcc8
34. Red1 Rc7 35. Rh1 Rcc8 36. Ke3 Ke7 37. Kd2 Rc7 38. Rhe1 Rcc8 39. Ra3 Kd6 40.
Raa1 Ke7 41. Kd3 1/2-1/2

[Event "SR Extraliga 2017/2018"]
[Site "?"]
[Date "2017.10.01"]
[Round "2.8"]
[White "Hlinka, Michal"]
[Black "Blaho, Stefan"]
[Result "1-0"]
[WhiteElo "2155"]
[BlackElo "2029"]
[PlyCount "167"]
[EventDate "2017.??.??"]

1. d4 d5 2. Nf3 Nf6 3. c4 e6 4. g3 Be7 5. Bg2 O-O 6. O-O b6 7. Nc3 Bb7 8. Ne5
Qc8 9. cxd5 exd5 10. Bf4 Qe6 11. Rc1 a6 12. Qb3 Bd6 13. Rfe1 Nc6 14. e4 Nxd4
15. Qd1 c5 16. exd5 Qc8 17. Bg5 Nd7 18. Nc4 Bb8 19. Bh3 f5 20. Re7 b5 21. Na5
Bd6 22. Re6 Bc7 23. Nxb7 Qxb7 24. Bg2 Qb8 25. Re7 Bd8 26. Qh5 Bxe7 27. Bxe7 Nf6
28. Qh4 b4 29. Bxc5 bxc3 30. Qxd4 cxb2 31. Rb1 Re8 32. Rxb2 Re1+ 33. Bf1 Qe8
34. d6 Qc6 35. Bb4 Rc1 36. Bd2 Rd1 37. Qd3 Kh8 38. Qe2 Ra1 39. h3 Re8 40. Be3
Qxd6 41. Rd2 Qc6 42. Kh2 Qc1 43. Kg2 Qc6+ 44. Kh2 Qc1 45. Kg2 h6 46. Qc4 Qe1
47. Qe2 Qc1 48. Qc4 Qe1 49. Qe2 Qb1 50. Qxa6 Qe4+ 51. Kh2 Ra8 52. Qd3 R1xa2 53.
Bg2 Qxd3 54. Rxd3 Re8 55. Kg1 Re7 56. Rb3 Kh7 57. Rb5 Kg6 58. Bf1 Ra1 59. Kg2
Ra2 60. Kf3 Ne4 61. Rd5 Ra3 62. h4 Nxf2 63. h5+ Kf6 64. Rd6+ Kf7 65. Bc4+ Ke8
66. Bb5+ Kf8 67. Rd8+ Kf7 68. Bc4+ Kf6 69. Rf8+ Ke5 70. Kxf2 Ke4 71. Bc5 Rc3
72. Bxe7 Rxc4 73. Bd6 Rc2+ 74. Kg1 Rc1+ 75. Kh2 Rc2+ 76. Kh3 Rc1 77. Rf7 Rh1+
78. Kg2 Rxh5 79. Rxg7 Kd5 80. Bf4 Ke6 81. Rh7 Kd5 82. Rxh6 Rxh6 83. Bxh6 Ke4
84. Bf4 1-0

[Event "SR Extraliga 2017/2018"]
[Site "?"]
[Date "2017.10.01"]
[Round "2.1"]
[White "Cvek, Robert"]
[Black "Erdos, Viktor"]
[Result "1/2-1/2"]
[WhiteElo "2506"]
[BlackElo "2619"]
[PlyCount "27"]
[EventDate "2017.??.??"]

1. c4 g6 2. Nf3 Bg7 3. g3 c5 4. Bg2 Nc6 5. O-O e6 6. e3 Nge7 7. d4 cxd4 8. Nxd4
O-O 9. Nc3 d5 10. cxd5 Nxd5 11. Nxd5 exd5 12. Qb3 Nxd4 13. exd4 Be6 14. Be3
1/2-1/2